000 00456nam a2200169Ia 4500
999 _c27470
_d27470
003 OSt
005 20201204131549.0
008 190216s9999||||xx |||||||||||||| ||und||
040 _coclc
082 _a894.8123
_bBAL/K
100 _aBalakrishnan
_96461
245 0 _aKaypu /
_cBalakrishnan
260 _bPoorna Publications,
_aKozhikode:
300 _a198p
650 _aNovel
942 _cBK
_2ddc
_h894.8123
_iBAL/K
_k894.8123
_mBAL/K